Sanat - "Elovena" - Juhana Haukkala - Statistics

Yleistilastot
  • Tätä visaa on pelattu 6 kertaa
  • Keskiarvotulos 86 / 193
Vastaustilastot
Vastaus % Oikein
Eloveena
100%
100%
ei
75%
en
75%
et
75%
75%
on
75%
sää
75%
saa
75%
tää
75%
alas
50%
alasti
50%
asti
50%
baari
50%
ees
50%
hei
50%
illan
50%
ja
50%
kertonu
50%
kii
50%
kuin
50%
kun
50%
lähdit
50%
lovena
50%
meille
50%
menee
50%
mikä
50%
Miks
50%
miks
50%
mun
50%
nimees
50%
nyt
50%
oikeesti
50%
olen
50%
olin
50%
olit
50%
petikaverii
50%
suhun
50%
vaan
50%
vaik
50%
yhden
50%
aamupuuroa
25%
aina
25%
epäonni
25%
halusitko
25%
haluuks
25%
harmaalta
25%
herkkis
25%
hetken
25%
hiljaa
25%
hyvin
25%
ihan
25%
istun
25%
jalat
25%
Jätkäporukas
25%
Jätkät
25%
jatkoille
25%
joku
25%
joutsenet
25%
juttua
25%
jutuist
25%
kahdestaan
25%
kaikki
25%
kaljaa
25%
kannessa
25%
kantaa
25%
Katos
25%
keittiössäni
25%
korjatkaa
25%
kuitenkin
25%
kurjet
25%
kypsää
25%
kysyy
25%
laimeet
25%
lammelta
25%
lauantaina
25%
mega
25%
mikään
25%
miksä
25%
miten
25%
morkkis
25%
mua
25%
nään
25%
näyttää
25%
ois
25%
oon
25%
otetaan
25%
päädyttiin
25%
päivä
25%
pelloilta
25%
pois
25%
rakkaudes
25%
riisuit
25%
sanoit
25%
sekasin
25%
seuraa
25%
siinä
25%
sonni
25%
sua
25%
sut
25%
taivas
25%
tapasin
25%
tulee
25%
tunnettu
25%
unohtaa
25%
usein
25%
vaivaa
25%
välittäjäaineet
25%
vielä
25%
viime
25%
viis
25%
viljaa
25%
voisin
25%
yhen
25%
hetkellä
0%
pohjimmiltain
0%
tällä
0%
Ehtoja vastaavia visoja ei löytynyt
Tulosjakauma
Jokaisen tuloksen saaneiden osuus
Persentiili vastausten määrän mukaan
Tuloshistoriasi
Et ole pelannut tätä visaa